01529nam a2200325 i 4500001001000000003000900010005001700019007000300036008004100039020001800080040003000098082001300128100004400141245010800185264004000293300002800333336002700361337003300388338002800421500005700449504003200506590002700538910001500565942001400580952012500594952013100719952015000850952018601000999001701186000039195DO-SdBNP20241130074013.0ta130607s2010 dr 000 0 spa d a9789993458951 aDO-SdBNPbspacBNPHUerda axxxbxxx1 aPérez, Odalís d1952-eautor92382813aEl horizonte y la memoria :bensayos sobre filosofía, estética y literatura /cOdalís G. Pérez. aSanto Domingo :bCentenario,c2010. a258 páginas ;c22 cm. 2rdacontentatextobtxt 2rdamediaasin mediaciónbn 2rdacarrieravolumenbnc aIncluye datos biográficos del autor en las solapas aBibliografía : p. 249-258 aInventariado, 2020/ YL aBtavárez 2ddccLBS1 00102ddc51708PDaBNPHUbBNPHUcCTd2013-06-03eDeposito Legall0o BNPHU PD p39195-10r2020-06-25w2020-06-25yLBS1 00102ddc51708PDaBNPHUbBNPHUcCTd2013-06-03eDeposito Legall0o BNPHU PD p39195-20r2020-06-25te. 2w2020-06-25yLBS1 00102ddc56708DSaBNPHUbBNPHUcCTd2018-12-06eDonado por Nieves L. Enuterio R.l0o BNPHU DS p2020-0256r2020-10-28te. 3w2020-06-25yLBS1 00102ddc56708DSaBNPHUbBNPHUcCTd2023-11-30eDonaciónl0oBNPHU DS p2023-8144r2023-11-30te.4w2023-11-30yLBS1zPerteneció a la biblioteca personal de Bárbara Suncar. c38685d38685